<?xml version="1.0" encoding="UTF-8"?>
<collection xmlns="http://www.loc.gov/MARC21/slim">
 <record>
  <leader>00455pamaa2200133   4500</leader>
  <controlfield tag="001">0000019888</controlfield>
  <controlfield tag="005">20070322090000.0</controlfield>
  <datafield tag="020" ind1="0" ind2="0">
   <subfield code="a">1564962083 </subfield>
  </datafield>
  <datafield tag="090" ind1="0" ind2="0">
   <subfield code="a">NC915.A35 </subfield>
   <subfield code="b">AIR 1995</subfield>
  </datafield>
  <datafield tag="245" ind1="0" ind2="0">
   <subfield code="a">AIRBRUSH action 4 : </subfield>
   <subfield code="b">the best new airbrush illustration compiled with airbrush action magazine.</subfield>
  </datafield>
  <datafield tag="260" ind1="0" ind2="0">
   <subfield code="a">Massachusetts: </subfield>
   <subfield code="b">Rockport Pub., </subfield>
   <subfield code="c">1995.</subfield>
  </datafield>
  <datafield tag="300" ind1=" " ind2=" ">
   <subfield code="a">190p.: </subfield>
   <subfield code="b">col.ill.; </subfield>
   <subfield code="c">31cm.</subfield>
  </datafield>
  <datafield tag="650" ind1="0" ind2="0">
   <subfield code="a">Airbrush art -- </subfield>
   <subfield code="x">Periodicals </subfield>
  </datafield>
  <datafield tag="650" ind1="0" ind2="0">
   <subfield code="a">Artists' materials -- </subfield>
   <subfield code="x">Periodicals </subfield>
  </datafield>
 </record>
</collection>
